00947nam a2200229 i 4500001000700000003000900007007000300016008004100019080001200060100003800072245019200110250002700302260003200329300003700361650003200398700004000430700004700470700002900517852003100546999001900577952012100596147785ES-MaACLt|071005s1971 sp ||||1| spa d a632(02)1 aUrquijo Landaluze, Pedro.911220910aPatología vegetal agrícola b: enfermedades de las plantas / cPedro Urquijo Landaluze, Juan Rodríguez Sardiña, Gregorio Santaolalla Azpilicueta... ; prólogo de Miguel Benlloch. a[2ª ed. rev. y amp.]. aMadridc. : bMundi, c1971. aXXXII, 755 p. : bil. ; c25 cm.14aPatología vegetal.9158851 aRodríguez Sardiña, Juan.9988151 aSantaolalla Azpilicueta, Gregorio.91033491 aBenlloch, Miguel.927719 aES-MaACLjE-7610 bR.92079 c147785d147785 00104070aATENEOMbATENEOMcDEPO2d2008-01-17eSCl0oE-7610p1154229r2023-02-23 00:00:00w2023-02-23yMONOGRAFIA